An introduction to error analysis : (Record no. 111795)
[ view plain ]
| 000 -LEADER | |
|---|---|
| fixed length control field | 00531nam a22001697a 4500 |
| 003 - CONTROL NUMBER IDENTIFIER | |
| control field | BD-ChCU |
| 005 - DATE AND TIME OF LATEST TRANSACTION | |
| control field | 20260302095320.0 |
| 008 - FIXED-LENGTH DATA ELEMENTS--GENERAL INFORMATION | |
| fixed length control field | 260302b bg ||||| |||| 00| 0 ben d |
| 040 ## - CATALOGING SOURCE | |
| Transcribing agency | BD-ChCU |
| 082 ## - DEWEY DECIMAL CLASSIFICATION NUMBER | |
| Classification number | 511.43 TAE |
| 100 ## - MAIN ENTRY--PERSONAL NAME | |
| Personal name | Taylor, John R. |
| 9 (RLIN) | 20689 |
| 245 ## - TITLE STATEMENT | |
| Title | An introduction to error analysis : |
| Remainder of title | the study of uncertainties in physical measurements.// |
| Statement of responsibility, etc. | Taylor, John R. |
| 260 ## - PUBLICATION, DISTRIBUTION, ETC. | |
| Place of publication, distribution, etc. | California. |
| Name of publisher, distributor, etc. | University Science Books. |
| Date of publication, distribution, etc. | 1980 |
| 300 ## - PHYSICAL DESCRIPTION | |
| Extent | ix, 272p |
| 650 #0 - SUBJECT ADDED ENTRY--TOPICAL TERM | |
| Topical term or geographic name entry element | Error - Mathematics. |
| 9 (RLIN) | 20690 |
| 942 ## - ADDED ENTRY ELEMENTS (KOHA) | |
| Source of classification or shelving scheme | Dewey Decimal Classification |
| Koha item type | Books |
| Suppress in OPAC | No |
| Withdrawn status | Lost status | Source of classification or shelving scheme | Damaged status | Not for loan | Home library | Current library | Shelving location | Date acquired | Source of acquisition | Total Checkouts | Full call number | Barcode | Date last seen | Copy number | Price effective from | Koha item type |
|---|---|---|---|---|---|---|---|---|---|---|---|---|---|---|---|---|
| Dewey Decimal Classification | Chittagong University Library | Chittagong University Library | Science Reading Room | 03/02/2026 | Purchase | 511.43 TAE | 140604 | 03/02/2026 | C-1 | 03/02/2026 | Books | |||||
| Dewey Decimal Classification | Chittagong University Library | Chittagong University Library | Science Reading Room | 03/02/2026 | Purchase | 511.43 TAE | 140605 | 03/02/2026 | C-2 | 03/02/2026 | Books | |||||
| Dewey Decimal Classification | Chittagong University Library | Chittagong University Library | Science Reading Room | 03/02/2026 | Purchase | 511.43 TAE | 140606 | 03/02/2026 | C-3 | 03/02/2026 | Books | |||||
| Dewey Decimal Classification | Chittagong University Library | Chittagong University Library | Science Reading Room | 03/02/2026 | Purchase | 511.43 TAE | 140607 | 03/02/2026 | C-4 | 03/02/2026 | Books |